000 00704nam a2200181Ia 4500
008 090124s9999 xx 000 0 und d
082 _b8820
100 _aबोरकर लक्ष्मीदास
245 _a खुनी नंदकिशोरी आणि इतर कथा
250 _a0
260 _bप्रिया प्रकाशन
_c1977
300 _a199
600 _aबोरकर लक्ष्मीदास
630 _a खुनी नंदकिशोरी आणि इतर कथा
700 _aबोरकर लक्ष्मीदास
730 _a खुनी नंदकिशोरी आणि इतर कथा
942 _cBOOK
999 _c85730
_d85730